<?xml version="1.0" encoding="UTF-8"?>
<record
    xmlns:xsi="http://www.w3.org/2001/XMLSchema-instance"
    xsi:schemaLocation="http://www.loc.gov/MARC21/slim http://www.loc.gov/standards/marcxml/schema/MARC21slim.xsd"
    xmlns="http://www.loc.gov/MARC21/slim">

  <leader>01336nam a22002537a 4500</leader>
  <controlfield tag="005">20250108094108.0</controlfield>
  <controlfield tag="008">250108b           ||||| |||| 00| 0 eng d</controlfield>
  <datafield tag="020" ind1=" " ind2=" ">
    <subfield code="a">9789356815339</subfield>
  </datafield>
  <datafield tag="040" ind1=" " ind2=" ">
    <subfield code="c">AL</subfield>
  </datafield>
  <datafield tag="041" ind1=" " ind2=" ">
    <subfield code="a">English</subfield>
  </datafield>
  <datafield tag="082" ind1=" " ind2=" ">
    <subfield code="2">23</subfield>
    <subfield code="a">574.19202 </subfield>
    <subfield code="b">KUMG</subfield>
  </datafield>
  <datafield tag="100" ind1=" " ind2=" ">
    <subfield code="a">Prabhanshu Kumar</subfield>
    <subfield code="9">192570</subfield>
  </datafield>
  <datafield tag="245" ind1=" " ind2=" ">
    <subfield code="a">GKP GATE 2025 Life Science: Biochemistry</subfield>
  </datafield>
  <datafield tag="260" ind1=" " ind2=" ">
    <subfield code="a">Haryana</subfield>
    <subfield code="b">G.K Publications </subfield>
    <subfield code="c">2025</subfield>
  </datafield>
  <datafield tag="300" ind1=" " ind2=" ">
    <subfield code="a">xix,568 p.</subfield>
    <subfield code="b">PB</subfield>
    <subfield code="c">27x20.5 cm.</subfield>
  </datafield>
  <datafield tag="365" ind1=" " ind2=" ">
    <subfield code="a">CCX2-1707618</subfield>
    <subfield code="b">&#x20B9;498.00</subfield>
    <subfield code="c">&#x20B9;</subfield>
    <subfield code="d">&#x20B9;695.00</subfield>
    <subfield code="f">17-12-2024</subfield>
  </datafield>
  <datafield tag="520" ind1=" " ind2=" ">
    <subfield code="a">The GKP GATE 2025 Study Guide is a comprehensive manual designed to help engineering students aspiring to secure admission in premier institutes for PG programs &amp; also to secure job opportunities in PSUs.
Key Features
Includes Solved papers from GATE exams held from 2018 to 2024.
Contains 3 full-length mock tests for practice.
Covers Biochemistry section featuring exercises with multiple-choice and numerical-type questions.
Exercises included after each topic for better understanding.
Designed to help aspirants achieve desired results.</subfield>
  </datafield>
  <datafield tag="650" ind1=" " ind2=" ">
    <subfield code="a"> Competitive Examination</subfield>
    <subfield code="9">192564</subfield>
  </datafield>
  <datafield tag="650" ind1=" " ind2=" ">
    <subfield code="a">Biochemistry Entrance</subfield>
    <subfield code="9">192565</subfield>
  </datafield>
  <datafield tag="650" ind1=" " ind2=" ">
    <subfield code="a">Graduate Aptitude Test in Engineering</subfield>
    <subfield code="9">192566</subfield>
  </datafield>
  <datafield tag="700" ind1=" " ind2=" ">
    <subfield code="a">KUMAR (Preeti T)</subfield>
    <subfield code="9">192567</subfield>
  </datafield>
  <datafield tag="700" ind1=" " ind2=" ">
    <subfield code="a">MAURYA (Pawan Kr)</subfield>
    <subfield code="9">192571</subfield>
  </datafield>
  <datafield tag="942" ind1=" " ind2=" ">
    <subfield code="2">ddc</subfield>
    <subfield code="c">BK</subfield>
  </datafield>
  <datafield tag="999" ind1=" " ind2=" ">
    <subfield code="c">233557</subfield>
    <subfield code="d">233557</subfield>
  </datafield>
  <datafield tag="952" ind1=" " ind2=" ">
    <subfield code="0">0</subfield>
    <subfield code="1">0</subfield>
    <subfield code="2">ddc</subfield>
    <subfield code="4">0</subfield>
    <subfield code="7">0</subfield>
    <subfield code="8">BIOC</subfield>
    <subfield code="a">AL</subfield>
    <subfield code="b">AL</subfield>
    <subfield code="d">2025-01-04</subfield>
    <subfield code="e">amazon.in</subfield>
    <subfield code="g">498.00</subfield>
    <subfield code="l">9</subfield>
    <subfield code="m">1</subfield>
    <subfield code="o">574.19202  KUMG</subfield>
    <subfield code="p">077482</subfield>
    <subfield code="r">2026-02-19 12:59:26</subfield>
    <subfield code="s">2026-02-09</subfield>
    <subfield code="v">695.00</subfield>
    <subfield code="w">2025-01-08</subfield>
    <subfield code="y">BK</subfield>
  </datafield>
</record>
